| 000 | 01096cam a22002897a 4500 | ||
|---|---|---|---|
| 008 | 050323s2003 io ab b 000 0 ind | ||
| 010 | _a 2003535877 | ||
| 020 | _a9799632471 | ||
| 040 |
_aDLC _cDLC _dDLC |
||
| 092 | 0 | 4 |
_a305.809598 _bP9869 _221 |
| 099 |
_a04 _a305.809598 P9869 |
||
| 100 | 1 |
_aPurwana, Bambang Hendarta Suta, _d1961- |
|
| 245 | 1 | 0 |
_aKonflik antarkomunitas etnis di Sambas, 1999 : _bsuatu tinjauan sosial budaya / _cBambang Hendarta Suta Purwana ; pengantar, William Chang. |
| 250 | _aCet. 1. | ||
| 260 |
_aPontianak : _bRomeo Grafika, _c2003. |
||
| 300 |
_axvi, 236 p. : _bill., map ; _c22 cm. |
||
| 504 | _aIncludes bibliographical references (p. 225-235). | ||
| 520 | _aSociocultural aspects of ethnic conflict in Sambas, 1999. | ||
| 650 | 0 |
_aEthnic conflict _xIndonesia _zSambas (Kabupaten). |
|
| 650 | 0 |
_aViolence _zIndonesia _zSambas (Kabupaten) |
|
| 653 | 0 |
_aEthnic conflict; _aIndonesia; _aSambas |
|
| 902 | _a1 | ||
| 905 |
_aEman _eRev. |
||
| 905 |
_aJamal _eCat. |
||
| 942 |
_2ddc _cBK |
||
| 999 |
_c137338 _d137338 |
||